| 000 | 00555cam a22002055a 4500 | ||
|---|---|---|---|
| 001 | L143325 | ||
| 008 | 080425s1993 xxk f 000 0 eng d | ||
| 020 | _a0854066292 | ||
| 035 | _a(Sirsi) u143325 | ||
| 041 | 0 | _aeng | |
| 100 | 1 | _aAtkin, Brian | |
| 245 | 0 | 0 | _aTime cost plan of construction |
| 260 |
_aLondon _bRICS _c1993 |
||
| 300 |
_a78p. _bill. _c30cm. |
||
| 651 | 4 |
_aUnited Kingdom _y |
|
| 690 | _aBUILT ENVIRONMENT-QUANTITY SURVEYING-CONSTRUCTION COST ESTIMATING | ||
| 700 | 1 | _aAkintoye, Akintola | |
| 700 | 1 | _aSkitmore, Martin | |
| 942 | _n0 | ||
| 999 |
_c108116 _d108116 |
||